000 00678nam a22002297a 4500
999 _c171597
_d171597
005 20200116105233.0
010 _aB-133778
020 _c350.00
035 _aB-133778
037 _bBPPD/Pub.
082 _a841
100 _aجمیلہ خدا بخش
245 _aدیوان جمیلہ /
_cجمیلہ خدا بخش
246 _aDiwani-i-Jamila vol. II (Urdu) /
_bby Jamila Khuda Bakhsh
260 _bKhuda Bakhsh Oriental Public Library
_aPatna
_c2004 ء
300 _a431p.
_c22cm(Hb)
650 _aاوردو ادب
650 _aاوردو نظم
650 _aUrdu literature
650 _aUrdu poetry
942 _2ddc
_cUR
_h841
_mج م ی